Using Old Solutions to New Problems - Natural Drug Discovery in the 21st Century (Record no. 20514)
[ view plain ]
| 000 -LEADER | |
|---|---|
| fixed length control field | 00526nam a2200121Ia 4500 |
| 008 - FIXED-LENGTH DATA ELEMENTS--GENERAL INFORMATION | |
| fixed length control field | 220616s9999||||xx |||||||||||||| ||und|| |
| 100 ## - MAIN ENTRY--PERSONAL NAME | |
| Personal name | Marianna Kulka |
| 245 #0 - TITLE STATEMENT | |
| Title | Using Old Solutions to New Problems - Natural Drug Discovery in the 21st Century |
| 546 ## - LANGUAGE NOTE | |
| Language note | English[eng] |
| 650 ## - SUBJECT ADDED ENTRY--TOPICAL TERM | |
| Topical term or geographic name entry element | Health Care||Toxicology and Pharmaceutical Science||Pharmacology||Drug Discovery||Health Sciences |
| 856 ## - ELECTRONIC LOCATION AND ACCESS | |
| Uniform Resource Identifier | <a href="https://www.intechopen.com/books/using-old-solutions-to-new-problems-natural-drug-discovery-in-the-21st-century">https://www.intechopen.com/books/using-old-solutions-to-new-problems-natural-drug-discovery-in-the-21st-century</a> |
| 942 ## - ADDED ENTRY ELEMENTS (KOHA) | |
| Koha item type | E-Books |
| Withdrawn status | Lost status | Damaged status | Not for loan | Home library | Current library | Date acquired | Total Checkouts | Date last seen | Price effective from | Koha item type |
|---|---|---|---|---|---|---|---|---|---|---|
| Kerala University of Digital Sciences, Innovation and Technology Knowledge Centre | Kerala University of Digital Sciences, Innovation and Technology Knowledge Centre | 16/06/2022 | 16/06/2022 | 16/06/2022 | E-Books |